| LEADER |
00891nam0a2200205 450 |
| 001 |
16812283 |
| 010 |
|
|
|a 978-2-501-06163-6
|b rel.
|d 12,9
|
| 100 |
|
|
|a 20090603d2026 u u0frey01 ba
|
| 101 |
0 |
|
|a fre
|
| 102 |
|
|
|a FR
|
| 200 |
0 |
|
|a J'aurais adoré être ethnologue
|f Margaux Motin
|
| 207 |
|
1 |
|a
|
| 210 |
|
|
|a Alleur (Belgique)
|b rue de l'Energie.
|c Marabout
|d DL 2009
|
| 215 |
|
|
|a 1 vol. (non paginé [ca 176] p.)
|c ill. en noir et en coul., couv. ill. en coul.
|d 25 cm
|
| 225 |
1 |
|
|a Marabulles
|
| 330 |
|
|
|a Les aventures parentales et professionnelles d'une jeune femme moderne. Mariée à un fan de jeux vidéo, elle se débat avec son métier d'illustratrice et sa petite fille.
|
| 700 |
|
0 |
|a Motin
|b Margaux
|f 1978-....
|4 70
|
| 900 |
|
|
|a Bandes déssinées ADULTE
|
| 901 |
|
|
|a Accessible au prêt
|
| 995 |
|
|
|a Bibliothèque
|c Bibliothèque
|f 024012823
|h 024012823
|k BDA MOT
|o p
|q a
|r az
|e Bibliothèque
|